000 01734nam a2200517 i 4500
001 24776
003 KOSZ 005
005 20250722063907.0
008 980702s1996 pl f |000 0 pol
015 _aUWD 1996/3646
020 _a8301119853
035 _a991003965469705066
035 _a(PL-WaBN)b11055431-48omnis_nlop
035 _ab11055431
035 _a(OCoLC)749847000
035 _a(PL)b0000001105543
035 _a(EXLNZ-48OMNIS_NETWORK)9910523486005606
040 _aWA N
_cWA N
_dKOSZ 005/EG
041 1 _apol
_heng
080 _a005.574
080 _a159.9
100 1 _aMastenbroek, Willem
_eAutor
245 1 0 _aNegocjowanie /
_cWillem Mastenbroek ; Fundacja Edukacyjna Przedsiębiorczości ; przekł. [z ang.] Ewa i Tomasz Szapiro.
246 1 _iTyt. oryg.:
_aNegotiate,
_f1994
260 _aWarszawa :
_bWydaw. Naukowe PWN,
_c1996.
300 _a185, [2] s. ;
_c21 cm.
336 _aTekst
_btxt
_2rdacontent
337 _aBez urządzenia pośredniczącego
_bn
_2rdamedia
338 _aWolumin
_bnc
_2rdacarrier
380 _aKsiążki
380 _aPublikacje fachowe
388 _a1901-2000
388 _a1989-2000
490 1 _aPrzedsiębiorczość
504 _aBibliogr. s. 185-[186].
650 7 _aNegocjacje
_2DBN
655 7 _aPoradniki
_2DBN
658 _aSocjologia i społeczeństwo
700 1 _aSzapiro, Ewa
_eTłumaczenie
700 1 _aSzapiro, Tomasz
_d(1950- )
_eTłumaczenie
710 2 _aWydawnictwo Naukowe PWN
_4pbl
830 0 _aPrzedsiębiorczość (PWN)
856 _uhttp://koha.tu.koszalin.pl/cgi-bin/koha/opac-detail.pl?biblionumber=24776
_yKatalog online BPK
942 _2UKD
_cKS
999 _c24776
_d24776